000
00213 a2200097 4500
001
49517
100
_a
Quiller
245
_a
Kings treasures of literature
260
_a
London
_b
J M Dent
_c
090
_c
32047
_d
32047
942
_a
NUST-CAE
_c
M
_c
24500
999
_c
284590
_d
284590